| 000 | 00000nam 22000008a 4500 |
| 001 | 9.842067 |
| 003 | CaOODSP |
| 005 | 20221107152236 |
| 007 | cr ||||||||||| |
| 008 | 170915s1982 onc o f000 0 eng d |
| 040 | |aCaOODSP|beng |
| 043 | |an-cn--- |
| 086 | 1 |aR5-392/1982E-PDF |
| 100 | 1 |aNehwegahbow, David C. |
| 245 | 10|aFederal-provincial implications of various concepts of Indian self-government |h[electronic resource] / |c[David C. Nahwegahbow]. |
| 260 | |a[Ottawa : |bDepartment of Indian Affairs and Northern Development, |c1982] |
| 300 | |a[181] p. |
| 500 | |aDigitized edition from print [produced by Indigenous and Northern Affairs Canada]. |
| 520 | |a"This project was undertaken to examine the potential federal-provincial implications of various concepts of Indian self-government in Canada, primarily in the context of the process of "Constitutional Renewal."--Intro. |
| 692 | 07|2gccst|aAboriginal self government |
| 710 | 1 |aCanada. |bIndian and Northern Affairs Canada. |
| 856 | 40|qPDF|s35.45 MB|uhttps://publications.gc.ca/collections/collection_2017/aanc-inac/R5-392-1982-eng.pdf |